| 000 | 00645 a2200181 4500 | ||
|---|---|---|---|
| 003 | Nust | ||
| 005 | 20170207153155.0 | ||
| 040 | _cNust | ||
| 082 | _a621.382 | ||
| 100 | _aSabir, Zeeshan (MSEE-13) | ||
| 245 |
_aJoint ICI cancellation, channel estimation and error correction in iterative fashion _cZeeshan Sabir |
||
| 260 |
_bMCS, NUST _c2009 _aRawalpindi |
||
| 300 | _axiii,107 ,p.; | ||
| 505 | _aIntroduction (page-1) Orthogonal frequency division multiplexing (page-7) Turbo codes (page-22) Channel estimation and equalization (Page-45) Conclusion (page-101). | ||
| 538 | _aAlmirah No 69 Shelf No 2 | ||
| 650 | _aMS Thesis | ||
| 651 | _aMSEE-13 | ||
| 942 | _cTHS | ||
| 999 |
_c180700 _d180700 |
||